Chitty on Contracts: Fourth Cumulative Supplement to the Twenty-Third Edition Up to date October 1, 1972 (Record no. 492)

MARC details
000 -LEADER
fixed length control field 00618nam a22001817a 4500
005 - DATE AND TIME OF INPUT
control field 20231109142427.0
008 - DATA ELEMENTS--GENERAL INFORMATION
fixed length control field 231109b |||||||| |||| 00| 0 eng d
020 ## - INTERNATIONAL STANDARD BOOK NUMBER
International Standard Book Number 421179600
041 ## - LANGUAGE CODE
Language code of text English
082 ## - SHELF NUMBER
DDC number 346.2 CHI
100 ## - MAIN AUTHOR
Main author's name Guest, AG et al.
Language of a work English
245 ## - TITLE STATEMENT
Title Chitty on Contracts: Fourth Cumulative Supplement to the Twenty-Third Edition Up to date October 1, 1972
Statement of responsibility, etc. AG Guest et al.
250 ## - EDITION STATEMENT
Edition statement Twenty-Third Edition
260 ## - PUBLICATION, DISTRIBUTION, ETC.
Place of publication, distribution, etc. London :
Name of publisher, distributor, etc. Sweet and Maxwell Ltd,
Date of publication, distribution, etc. 1972
300 ## - PHYSICAL DESCRIPTION
Other physical details 42 pages ;
Dimensions 24 cm.
650 ## - SUBJECT`
Broad subject Legal practice
Own subject terms Law
942 ## - ADDED ENTRY ELEMENTS (KOHA)
Item type Books
942 ## - ADDED ENTRY ELEMENTS (KOHA)
-- ALISON_BN_VRIES
Holdings
Source of classification or shelving scheme Volume number (bound volume or other part) Not for loan Collection code Home library Current library Shelving location Date acquired Full call number Barcode Price effective from Koha item type
Dewey Decimal Classification Volume 1   TEXT BOOKS LAW SOCIETY OF NAMIBIA LIBRARY - WINDHOEK LAW SOCIETY OF NAMIBIA LIBRARY - WINDHOEK Contract law 11/09/2023 346.2 CHI LSN/1989/7 11/09/2023 Books
Dewey Decimal Classification Volume 2   TEXT BOOKS LAW SOCIETY OF NAMIBIA LIBRARY - WINDHOEK LAW SOCIETY OF NAMIBIA LIBRARY - WINDHOEK Contract law 11/09/2023 346.2 CHI LSN/1989/8 11/09/2023 Books